01487nabaa22002897a 4500999001500000003000400015005001700019008004100036040000700077100003000084245007100114300001500185500003500200505045900235505008900694650003200783650004200815650002600857650002900883650002300912650003200935650002700967650003100994650004001025773011901065942001301184 c6170d6170OSt20260123213243.0190701b xxu||||| |||| 00| 0 spa d cPJ 918aCassagne, Juan Carlos10aSobre la constitucionalidad del DNU 70-2023 / cJuan C. Cassagne.  ap. 313-323 aCita: TR LALEY AR/DOC/59/2024  aSumario: I. La Constitución es un organismo vivo.— II. El punto de partida: la separación de los poderes.— III. Consecuencias de seguir diferentes interpretaciones sobre la separación de poderes con respecto a la constitucionalidad de los DNU.— IV. Necesidad y estado de necesidad. Los decretos, leyes y la emergencia.— V. Los presupuestos habilitantes exigidos por el art. 99 inc. 3 de la CN.— VI. La constitucionalidad del DNU 70/2023.  t¿Te interesa el texto completo? Comunicate al correo: koha@justierradelfuego.gov.ar 09211aDERECHO ADMINISTRATIVO 09200aDECRETOS DE NECESIDAD Y URGENCIA 09614aDERECHOS HUMANOS 094597aCONSTITUCIONALIDAD 091183aLEGISLACION  09187aDELEGACION LEGISLATIVA 09199aLEY DE EMERGENCIA 09766aCONSTITUCION NACIONAL 09179aGARANTIAS CONSTITUCIONALES ›0 0284293251dBuenos Aires : AbeledoPerrot, 2012-oDA121tDerecho administrativo. Nº 152 marzo/abril 2024z18510590 2udccANA